000 00599nam a2200181 i 4500
001 49836
003 ES-MaACL
005 20230906162054.0
007 t|
008 030724s1935 xxk ||||1| eng d
100 1 _aCox, J. Charles.
_941394
245 1 4 _aThe Parish churches of England /
_cby J. Charles Cox ; edited, with additional chaptres by Charles Bradley Ford ; with a foreword by W.R. Inge.
260 _aLondon :
_bB. J. Batsford Ltd.,
_c[1935]
300 _aIX, 118 p. ;
_c22 cm.
700 1 _aFord, Charles Bradley.
_951696
700 1 _aInge, W.R.
_965277
852 _aES-MaACL
_jA-3521
999 _c49836
_d49836